World Extremes Quiz - Statistics

General Stats
  • This quiz has been taken 36 times
  • The average score is 18 of 25
Answer Stats
The worlds... Answer % Correct
1) highest mountain Everest
100%
20) Largest country Russia
100%
2) biggest city Tokyo
97%
7) largest population India
94%
16) largest ocean Pacific
94%
8) smallest country Vatican City
94%
4) largest island Greenland
88%
5) longest coastline country Canada
85%
22) Longest river Nile
85%
13) largest hot desert Sahara
85%
25) Largest rainforest Amazon
79%
12) deepest lake Baikal
79%
17) Southernmost capital Wellington
76%
15) Largest "lake" Caspian Sea
71%
14) largest island nation Indonesia
68%
3) deepest point Mariana Trench
68%
18) Busiest airport (city) Atlanta
65%
24) most densely populated country Monaco
65%
6) longest beach country Brazil
53%
9) highest elevation lake Titicaca
53%
11) strongest passport (country) Singapore
47%
10) strongest currency (country) Kuwait
41%
23) Least visited country Tuvalu
41%
19) Largest volcano Mauna Loa
24%
21) Smallest sea Marmara
15%
No matching quizzes found
Score Distribution
Percent of People with Each Score
Percentile by Number Answered
Your Score History
You have not taken this quiz